Rom-coms / Chick Flicks <3 - Statistics

General Stats
  • This quiz has been taken 298 times
  • The average score is 32 of 48
Answer Stats
Picture Answer % Correct
Mean Girls
98%
The Devil Wears Prada
96%
Titanic
95%
Legally Blonde
94%
Mamma Mia
94%
10 Things I hate About You
93%
The Notebook
92%
Clueless
87%
Grease
87%
How to Lose a Guy in 10 Days
87%
The Princess Diaries
86%
Friends
85%
La La Land
85%
She’s the Man
81%
The Kissing Booth
81%
Dirty Dancing
76%
The Summer I Turned Pretty
72%
13 going on 30
70%
Little Women
70%
Notting Hill
70%
Pretty Woman
69%
A Cinderella Story
68%
27 Dresses
67%
Hairspray
67%
She’s All That
67%
50 First Dates
66%
To All the Boys I’ve Loved Before
66%
Love Actually
65%
Romeo and Juliet
65%
Easy A
61%
The Breakfast Club
61%
Anyone but You
57%
Bridget Jones
57%
When Harry Met Sally
56%
The Holiday
55%
Breakfast at Tiffany’s
54%
Miss Congeniality
50%
Confessions of a Shopaholic
49%
Flipped
47%
Sleepless in Seattle
45%
Bend it Like Beckham
44%
You’ve Got Mail
37%
Wild Child
35%
Maid in Manhattan
33%
My Best Friends Wedding
30%
Four Weddings and a Funeral
29%
Cruel Intentions
27%
A Walk to Remember
23%
No matching quizzes found
Score Distribution
Percent of People with Each Score
Percentile by Number Answered
Your Score History
You have not taken this quiz